[Event "25th Abu Dhabi Master 2018"]
[Site "Abu Dhabi"]
[Date "2018.08.08"]
[Round "2"]
[White "Fedoseev, Vladimir"]
[Black "Vignesh, NR."]
[Result "1-0"]
[WhiteElo "2152"]
[BlackElo "2464"]
[Annotator "TA"]
[PlyCount "126"]
[EventDate "2018.08.05"]
[EventType "swiss"]
[EventCountry "UAE"]
[SourceTitle "playchess.com"]
[Source "ChessBase"]
[SourceQuality "1"]

1. d4 d5 2. c4 e6 3. Nc3 Be7 4. Bf4 Nf6 5. e3 O-O 6. Nf3 Nbd7 7. Be2 dxc4 8. Bxc4 c5 9. dxc5 Nxc5 10. O-O a6 11. Ne5 Qxd1 12. Rfxd1 Re8 13. a4 b6 14. f3 Ncd7 15. Kf2 Nxe5 16. Bxe5 Bb7 17. Bd6 Kf8 18. Be2 Rac8 19. Rd4 Red8 20. Rad1 Nd5 21. Bxe7+ Kxe7 22. Nb1 a5 23. Na3 Nb4 24. Bb5 Rxd4 25. Rxd4 Bd5 26. Rd1 e5 27. g4 Be6 28. h3 g5 29. h4 gxh4 30. Rh1 h5 31. Rxh4 hxg4 32. fxg4 Rd8 33. Kf3 Rd2 34. Nc4 Bd5+ 35. e4 Bxc4 36. Bxc4 Nc6 37. b3 Nd4+ 38. Ke3 Rg2 39. Rh6 Rg3+ 40. Kf2 Rf3+ 41. Kg2 Rf6 42. Rh5 Kd6 43. g5 Rf4 44. Rh6+ Kc5 45. Kg3 Rxe4 46. Rf6 Re1 47. Kf2 Re4 48. Bxf7 Rg4 49. g6 e4 50. Bc4 Nc2 51. Re6 Nd4 52. Rf6 Nc2 53. Be6 Rg5 54. Bd7 Nd4 55. Ke3 Kd5 56. Kf4 Rg1 57. Bg4 Rf1+ 58. Kg5 Nf3+ 59. Bxf3 exf3 60. g7 Rg1+ 61. Kh6 Ke4 62. Kh7 Rh1+ 63. Kg6 Kd5 1-0

[Event "25th Abu Dhabi Master 2018"]
[Site "Abu Dhabi"]
[Date "2018.08.08"]
[Round "2"]
[White "Priyanka, Kumari"]
[Black "Kuybokarov, Temur"]
[Result "0-1"]
[WhiteElo "2005"]
[BlackElo "2499"]
[Annotator "TA"]
[PlyCount "116"]
[EventDate "2018.08.05"]
[EventType "swiss"]
[EventCountry "UAE"]
[SourceTitle "playchess.com"]
[Source "ChessBase"]
[SourceQuality "1"]

1. e4 Nf6 2. e5 Nd5 3. d4 d6 4. c4 Nb6 5. exd6 exd6 6. Nc3 Nc6 7. Be3 Be7 8. Be2 O-O 9. Nf3 Bg4 10. b3 Bf6 11. Rc1 d5 12. c5 Nc8 13. O-O N8e7 14. h3 Be6 15. Bd3 Nf5 16. Ne2 g6 17. Qd2 Re8 18. b4 a6 19. a4 Bg7 20. Ra1 a5 21. b5 Nb4 22. Nf4 Nxd3 23. Nxd3 Nxe3 24. fxe3 Bf5 25. Rae1 Bxd3 26. Qxd3 f5 27. Re2 Re4 28. Rfe1 Bf6 29. Nd2 Re6 30. Nf3 Qd7 31. Qc3 h5 32. h4 Kh7 33. Kf2 Qe7 34. g3 Re4 35. Nd2 Rg4 36. Nf3 Kg7 37. Qd2 Re4 38. Qc3 g5 39. hxg5 Bxg5 40. Rh1 Kh6 41. Qe1 Re8 42. Ne5 Bf6 43. Nf3 b6 44. cxb6 cxb6 45. Qc3 f4 46. gxf4 Rxf4 47. Qc6 Rxf3+ 48. Kxf3 Qe4+ 49. Kf2 Re6 50. Qc8 Bh4+ 51. Rxh4 Qxh4+ 52. Kg1 Rg6+ 53. Rg2 Rxg2+ 54. Kxg2 Qg4+ 55. Qxg4 hxg4 56. Kg3 Kg5 57. e4 dxe4 58. d5 e3 0-1

[Event "25th Abu Dhabi Master 2018"]
[Site "Abu Dhabi"]
[Date "2018.08.08"]
[Round "2"]
[White "Polakhare, Aryan"]
[Black "Parligras, Mircea Emilian"]
[Result "0-1"]
[WhiteElo "1957"]
[BlackElo "2645"]
[Annotator "TA"]
[PlyCount "54"]
[EventDate "2018.08.05"]
[EventType "swiss"]
[EventCountry "UAE"]
[SourceTitle "playchess.com"]
[Source "ChessBase"]
[SourceQuality "1"]

1. e4 c5 2. Nf3 e6 3. b3 b6 4. Bd3 Bb7 5. O-O Nc6 6. Re1 d6 7. Bb2 Nf6 8. Bf1 Be7 9. c3 Ne5 10. Nxe5 dxe5 11. Bb5+ Kf8 12. f3 h5 13. d4 cxd4 14. cxd4 exd4 15. Bxd4 h4 16. h3 Rh5 17. Be2 Qc7 18. Qc1 Rc5 19. Bxc5 Bxc5+ 20. Kh1 Qg3 21. Nd2 Nh5 22. f4 Nxf4 23. Bf3 Nd3 24. Nf1 Qf2 25. Qxc5+ Qxc5 26. Re2 Nf2+ 27. Kh2 Qe5+ 0-1

[Event "25th Abu Dhabi Master 2018"]
[Site "Abu Dhabi"]
[Date "2018.08.09"]
[Round "3"]
[White "Rapport, Richard"]
[Black "Andersen, Mads"]
[Result "1-0"]
[WhiteElo "2719"]
[BlackElo "2601"]
[Annotator "TA"]
[PlyCount "111"]
[EventDate "2018.08.05"]
[EventType "swiss"]
[EventCountry "UAE"]
[SourceTitle "playchess.com"]
[Source "ChessBase"]
[SourceQuality "1"]

1. e4 c5 2. Nc3 d6 3. Nge2 Nf6 4. g3 g6 5. Bg2 Bg7 6. O-O O-O 7. d3 Nc6 8. Bg5 Rb8 9. a3 b5 10. Rb1 a5 11. a4 b4 12. Nb5 Ne8 13. c4 Nc7 14. Be3 Ne6 15. f4 Ned4 16. Nexd4 Nxd4 17. b3 e6 18. Qd2 Qb6 19. Rfe1 f5 20. e5 dxe5 21. fxe5 Rd8 22. Nxd4 cxd4 23. Bg5 Rd7 24. h4 h5 25. c5 Qxc5 26. Rbc1 Qa7 27. Bc6 Rc7 28. Bd8 Rf7 29. Be8 Rf8 30. Rc7 Rb7 31. Rxc8 Rxe8 32. Rec1 Kh7 33. Bb6 Rxc8 34. Bxa7 Bh6 35. Qxh6+ Kxh6 36. Rxc8 Rxa7 37. Kf2 g5 38. Rc6 gxh4 39. gxh4 Kh7 40. Kf3 Rg7 41. Rxe6 Rg4 42. Rf6 Rxh4 43. Rxf5 Kg6 44. Rf8 Kg7 45. Rf5 Kg6 46. Rf4 Rh1 47. Ke4 h4 48. Rg4+ Kf7 49. Kd5 h3 50. Rh4 h2 51. Kd6 Kg6 52. e6 Kf6 53. Rf4+ Kg5 54. Rf2 Kg4 55. e7 Kg3 56. Rxh2 1-0

[Event "25th Abu Dhabi Master 2018"]
[Site "Abu Dhabi"]
[Date "2018.08.09"]
[Round "3"]
[White "Wang, Hao"]
[Black "Narayanan S L"]
[Result "1-0"]
[WhiteElo "2711"]
[BlackElo "2574"]
[Annotator "TA"]
[PlyCount "122"]
[EventDate "2018.08.05"]
[EventType "swiss"]
[EventCountry "UAE"]
[SourceTitle "playchess.com"]
[Source "ChessBase"]
[SourceQuality "1"]

1. e4 e5 2. Nf3 Nc6 3. Bb5 a6 4. Ba4 Nf6 5. O-O b5 6. Bb3 Bc5 7. a4 Rb8 8. Nxe5 Nxe5 9. d4 Bxd4 10. Qxd4 d6 11. f3 O-O 12. Bf4 c5 13. Qd2 c4 14. Ba2 Be6 15. axb5 axb5 16. b4 Qe7 17. Nc3 Rfd8 18. Rfd1 h6 19. Bb1 Nh5 20. Be3 Nf6 21. Ra5 d5 22. Rxb5 dxe4 23. Bc5 Qe8 24. Rxb8 Rxb8 25. fxe4 Bg4 26. Rf1 Rd8 27. Qe3 Bh5 28. h3 Qe6 29. Ba2 Bg6 30. b5 Ned7 31. Bd4 Nxe4 32. Nxe4 Bxe4 33. Qg3 Qg6 34. Qxg6 Bxg6 35. Bxc4 Rc8 36. Bb3 Nc5 37. Bd5 Ne6 38. Bxe6 fxe6 39. b6 Be4 40. c3 Bd5 41. Rf4 Rf8 42. Rg4 g5 43. h4 Rf5 44. Be3 Re5 45. Rg3 Kf7 46. hxg5 hxg5 47. Bxg5 Re2 48. Be3 e5 49. Bf2 Rc2 50. Re3 Ke6 51. g4 Rb2 52. Re1 Kd6 53. Rc1 Bc4 54. Kg2 Ke6 55. Kg3 Rb3 56. Be3 Rb2 57. Kh4 Rb3 58. Kg5 Rb2 59. Re1 Kf7 60. Bc5 Ke6 61. Bd4 Kd5 1-0

[Event "25th Abu Dhabi Master 2018"]
[Site "Abu Dhabi"]
[Date "2018.08.09"]
[Round "3"]
[White "Dubov, Daniil"]
[Black "Firouzja, Alireza"]
[Result "1-0"]
[WhiteElo "2691"]
[BlackElo "2561"]
[Annotator "TA"]
[PlyCount "65"]
[EventDate "2018.08.05"]
[EventType "swiss"]
[EventCountry "UAE"]
[SourceTitle "playchess.com"]
[Source "ChessBase"]
[SourceQuality "1"]

1. e4 c5 2. Nc3 d6 3. d4 cxd4 4. Qxd4 Nc6 5. Qd2 g6 6. b3 Bh6 7. f4 Nf6 8. Bb2 O-O 9. O-O-O a5 10. a4 Nb4 11. Kb1 d5 12. e5 Nh5 13. Nge2 Bf5 14. Nd4 Bg4 15. Be2 Bxf4 16. Qe1 Bxe2 17. Qxe2 Qc7 18. Rde1 Qc5 19. Ncb5 Rac8 20. Rhf1 Bh6 21. c3 Nc6 22. Nf5 gxf5 23. Qxh5 Bg7 24. Rxf5 Qb6 25. Rg5 Nd8 26. Bc1 Qf2 27. Re3 Ne6 28. Reg3 Qe1 29. R5g4 Rfd8 30. Re3 Qg1 31. Rh3 Nf8 32. e6 fxe6 33. Qh6 1-0

[Event "25th Abu Dhabi Master 2018"]
[Site "Abu Dhabi"]
[Date "2018.08.09"]
[Round "3"]
[White "Sargissian, Gabriel"]
[Black "Puranik, Abhimanyu Sameer"]
[Result "1-0"]
[WhiteElo "2680"]
[BlackElo "2514"]
[Annotator "TA"]
[PlyCount "99"]
[EventDate "2018.08.05"]
[EventType "swiss"]
[EventCountry "UAE"]
[SourceTitle "playchess.com"]
[Source "ChessBase"]
[SourceQuality "1"]

1. d4 Nf6 2. Nf3 g6 3. Nbd2 d5 4. e3 Bg7 5. b4 O-O 6. Be2 a5 7. b5 c5 8. bxc6 Nxc6 9. Bb2 Bf5 10. O-O Qb6 11. Ba3 Rfd8 12. c3 a4 13. Qc1 Rac8 14. Bc5 Qa5 15. Qb2 Nd7 16. Ba3 b5 17. Nh4 Be6 18. Bd3 Rb8 19. Rab1 Bf6 20. Nhf3 Bg4 21. Rfc1 e5 22. Ne1 Rdc8 23. Nc2 Ne7 24. Bb4 Qb6 25. Na3 Bf5 26. Bxf5 Nxf5 27. Nf3 e4 28. Ne1 Bg5 29. Qe2 Ng7 30. Qg4 Ne6 31. Qg3 Rb7 32. Qd6 Qc6 33. Qg3 Bd8 34. Qd6 f5 35. Kf1 Kf7 36. Ke2 Qxd6 37. Bxd6 Rb6 38. Nxb5 Rcc6 39. Ba3 f4 40. c4 Nf6 41. c5 Ra6 42. Nc2 Ba5 43. Bb4 Bd8 44. Bd2 f3+ 45. gxf3 exf3+ 46. Kxf3 Ne4 47. Be1 N6g5+ 48. Ke2 Rf6 49. Nb4 Rae6 50. Nxd5 1-0

[Event "25th Abu Dhabi Master 2018"]
[Site "Abu Dhabi"]
[Date "2018.08.09"]
[Round "3"]
[White "Korobov, Anton"]
[Black "Harsha, Bharathakoti"]
[Result "1-0"]
[WhiteElo "2664"]
[BlackElo "2454"]
[Annotator "TA"]
[PlyCount "105"]
[EventDate "2018.08.05"]
[EventType "swiss"]
[EventCountry "UAE"]
[SourceTitle "playchess.com"]
[Source "ChessBase"]
[SourceQuality "1"]

1. d4 d5 2. c4 c6 3. Nf3 Nf6 4. e3 Bg4 5. h3 Bh5 6. Nc3 e6 7. g4 Bg6 8. Ne5 Nbd7 9. h4 dxc4 10. Nxg6 hxg6 11. g5 Nd5 12. Bxc4 Bb4 13. Bd2 Qe7 14. a3 Nxc3 15. bxc3 Ba5 16. Bd3 Nb6 17. f4 O-O-O 18. Qb3 c5 19. a4 cxd4 20. cxd4 Bxd2+ 21. Kxd2 Nd5 22. a5 Kb8 23. Rab1 Rc8 24. Be4 Rc7 25. Bxd5 exd5 26. Qxd5 Re8 27. Rb3 Rd7 28. Qb5 Qe4 29. Qxd7 Qg2+ 30. Kd3 Qe4+ 31. Kc3 Rc8+ 32. Qxc8+ Kxc8 33. Rc1 Kb8 34. Kb2 Qd5 35. Rc5 Qg2+ 36. Ka3 Qh1 37. Ka2 Qg2+ 38. Rb2 Qe4 39. Re5 Qc6 40. Reb5 Qc4+ 41. R5b3 b5 42. axb6 Qa6+ 43. Kb1 Qf1+ 44. Kc2 Qe2+ 45. Kc3 Qxe3+ 46. Kc4 Qc1+ 47. Kd5 Qh1+ 48. Kd6 Qxh4 49. bxa7+ Ka8 50. Rb8+ Kxa7 51. R8b7+ Ka6 52. R2b6+ Ka5 53. Kc5 1-0

[Event "25th Abu Dhabi Master 2018"]
[Site "Abu Dhabi"]
[Date "2018.08.09"]
[Round "3"]
[White "Akopian, Vladimir Eduardovic"]
[Black "Laxman, R R"]
[Result "1-0"]
[WhiteElo "2655"]
[BlackElo "2449"]
[Annotator "TA"]
[PlyCount "81"]
[EventDate "2018.08.05"]
[EventType "swiss"]
[EventCountry "UAE"]
[SourceTitle "playchess.com"]
[Source "ChessBase"]
[SourceQuality "1"]

1. e4 e5 2. Nf3 Nc6 3. Bc4 Bc5 4. c3 Nf6 5. d3 Bb6 6. Bg5 d6 7. Nbd2 Be6 8. O-O O-O 9. Bxe6 fxe6 10. Nc4 Na5 11. Nfd2 Nxc4 12. Nxc4 Qd7 13. a4 c6 14. Nxb6 axb6 15. Qb3 Ra6 16. f4 exf4 17. Rxf4 b5 18. a5 Raa8 19. Bxf6 Rxf6 20. Rxf6 gxf6 21. c4 bxc4 22. dxc4 c5 23. Rd1 Rd8 24. Qg3+ Kh8 25. Qf4 Qe7 26. Rd3 Kg7 27. h3 Kh8 28. Kh1 Kg7 29. Rg3+ Kh8 30. Rb3 Ra8 31. Qd2 Qc7 32. Rb5 Rg8 33. Rb6 Rd8 34. Qh6 Qg7 35. Qxg7+ Kxg7 36. Rxb7+ Kg6 37. a6 h5 38. a7 Ra8 39. Kg1 f5 40. e5 dxe5 41. b4 1-0

[Event "25th Abu Dhabi Master 2018"]
[Site "Abu Dhabi"]
[Date "2018.08.09"]
[Round "3"]
[White "Salem, A.R. Saleh"]
[Black "Raja, Rithvik R"]
[Result "1-0"]
[WhiteElo "2636"]
[BlackElo "2436"]
[Annotator "TA"]
[PlyCount "55"]
[EventDate "2018.08.05"]
[EventType "swiss"]
[EventCountry "UAE"]
[SourceTitle "playchess.com"]
[Source "ChessBase"]
[SourceQuality "1"]

1. e4 c5 2. Nf3 d6 3. d4 cxd4 4. Nxd4 Nf6 5. Nc3 a6 6. h3 e6 7. g4 Be7 8. g5 Nfd7 9. Be3 b5 10. a3 Bb7 11. h4 Nc6 12. Qd2 Rc8 13. Nxc6 Bxc6 14. O-O-O Bb7 15. Rh3 Ne5 16. Kb1 Nc4 17. Qe1 Nxe3 18. Rxe3 Qb6 19. f4 O-O 20. f5 Rc5 21. f6 gxf6 22. Nd5 exd5 23. exd5 Rxd5 24. Rxe7 fxg5 25. hxg5 Rxd1+ 26. Qxd1 Qf2 27. Rxb7 Re8 28. Ka2 1-0

[Event "25th Abu Dhabi Master 2018"]
[Site "Abu Dhabi"]
[Date "2018.08.09"]
[Round "3"]
[White "Lupulescu, Constantin"]
[Black "Arjun, Kalyan"]
[Result "1-0"]
[WhiteElo "2619"]
[BlackElo "2390"]
[Annotator "TA"]
[PlyCount "191"]
[EventDate "2018.08.05"]
[EventType "swiss"]
[EventCountry "UAE"]
[SourceTitle "playchess.com"]
[Source "ChessBase"]
[SourceQuality "1"]

1. e4 e5 2. Nf3 Nc6 3. Bc4 Bc5 4. d3 Nf6 5. O-O O-O 6. Bg5 h6 7. Bh4 Be7 8. Bg3 d6 9. a4 Bg4 10. h3 Bh5 11. c3 Nh7 12. Nbd2 Ng5 13. Qe2 Nxf3+ 14. Nxf3 Bg5 15. Bh2 Kh8 16. g4 Bg6 17. Nxg5 hxg5 18. Bg3 f6 19. h4 gxh4 20. Bxh4 Bf7 21. Bxf7 Rxf7 22. g5 fxg5 23. Qh5+ Kg8 24. Bxg5 Qe8 25. f3 g6 26. Qg4 Qd7 27. Qg3 Rh7 28. Kg2 Nd8 29. Rh1 Ne6 30. Be3 Re8 31. Rxh7 Qxh7 32. Rh1 Qg7 33. Rh6 Nf8 34. Qh4 Ne6 35. Qg4 Kf7 36. Qh4 Kg8 37. Qg4 Kf7 38. Qh3 Kg8 39. a5 a6 40. Kf1 c6 41. Qg4 Kf7 42. Qh3 Kg8 43. Ke1 d5 44. Qg4 Kf7 45. Qh3 Kg8 46. Kd1 dxe4 47. dxe4 Re7 48. Kc1 Qf6 49. Qg4 Rg7 50. Kc2 Kf7 51. Rh1 Rg8 52. Rh7+ Rg7 53. Rh2 Rg8 54. Rh7+ Rg7 55. Rh2 Rg8 56. Rf2 Rh8 57. Qg3 Ke7 58. Rd2 Rd8 59. Rh2 Rf8 60. Bb6 Qf4 61. Rh7+ Rf7 62. Qxg6 Qxf3 63. Rh2 Qf6 64. Qh5 Qf4 65. Re2 Rg7 66. Qh8 Qf8 67. Qh3 Qf4 68. Qd3 Rg3 69. Qc4 Rf3 70. Bc5+ Kf6 71. Bb6 Qg4 72. Rd2 Ke7 73. Bc5+ Kf6 74. Bb6 Ke7 75. Kb3 Qg8 76. Ka2 Qf7 77. b3 Qh7 78. Qb4+ Kf6 79. Bd8+ Nxd8 80. Rxd8 Kg5 81. Qd6 Rf2+ 82. Ka3 Qxe4 83. Rg8+ Kf4 84. Qh6+ Kf3 85. Qh1+ Ke3 86. Rg3+ Rf3 87. Qe1+ Kd3 88. Qd1+ Ke3 89. Qe1+ Kd3 90. Qd1+ Ke3 91. Rg2 Kf4 92. Qd8 Qe1 93. Qf6+ Ke4 94. Rg4+ Ke3 95. Qxe5+ Kf2 96. Rg2+ 1-0

[Event "25th Abu Dhabi Master 2018"]
[Site "Abu Dhabi"]
[Date "2018.08.09"]
[Round "3"]
[White "Gupta, Abhijeet"]
[Black "Mithil, Ajgaonkar"]
[Result "1-0"]
[WhiteElo "2614"]
[BlackElo "2318"]
[Annotator "TA"]
[PlyCount "99"]
[EventDate "2018.08.05"]
[EventType "swiss"]
[EventCountry "UAE"]
[SourceTitle "playchess.com"]
[Source "ChessBase"]
[SourceQuality "1"]

1. d4 d5 2. c4 c6 3. Nc3 Nf6 4. Nf3 e6 5. Bg5 Nbd7 6. cxd5 cxd5 7. e3 Be7 8. Bd3 O-O 9. O-O b6 10. Rc1 Bb7 11. Qe2 a6 12. Na4 Bd6 13. Rc2 Rc8 14. Rfc1 Rxc2 15. Qxc2 h6 16. Bf4 Bxf4 17. exf4 Qe7 18. Qe2 Qb4 19. Nc3 b5 20. a3 Qd6 21. g3 Rc8 22. Rc2 Nb6 23. Na2 Rxc2 24. Qxc2 Nc4 25. Nc1 Ne4 26. Ne5 Qb6 27. Nb3 a5 28. h4 a4 29. Nc5 Nxc5 30. dxc5 Qc7 31. h5 f6 32. Bh7+ Kh8 33. Nf3 Qxc5 34. Nh4 Qd4 35. Bg6 Qxb2 36. Qd1 Nd6 37. Qe1 d4 38. Bd3 Bd5 39. Ng6+ Kg8 40. Qa5 Qc1+ 41. Bf1 Nf7 42. Qxb5 Kh7 43. Qe8 Bc4 44. Nf8+ Kg8 45. Nd7+ Kh7 46. Nxf6+ gxf6 47. Qxf7+ Kh8 48. Qe8+ Kg7 49. Qd7+ Kf8 50. Qc8+ 1-0

[Event "25th Abu Dhabi Master 2018"]
[Site "Abu Dhabi"]
[Date "2018.08.09"]
[Round "3"]
[White "Karthikeyan, Murali"]
[Black "Rakesh, Kumar Jena"]
[Result "1/2-1/2"]
[WhiteElo "2609"]
[BlackElo "2385"]
[Annotator "ChessBase"]
[PlyCount "68"]
[EventDate "2018.08.05"]
[EventType "swiss"]
[EventCountry "UAE"]
[SourceTitle "playchess.com"]
[Source "ChessBase"]
[SourceQuality "1"]

1. e4 c5 2. Nc3 Nc6 3. Nf3 e6 4. d4 cxd4 5. Nxd4 Nf6 6. Be2 Bb4 7. O-O O-O 8. Nxc6 dxc6 9. e5 Bxc3 10. bxc3 Qxd1 11. Rxd1 Nd5 12. Bd2 b6 13. a4 Bb7 14. c4 Ne7 15. c5 Rfd8 16. Rab1 Rd7 17. Bd3 bxc5 18. Ba5 g6 19. Re1 Nd5 20. Re4 Nb6 21. Bxb6 axb6 22. Rxb6 c4 23. Rxc4 Ba6 24. Rf4 Bxd3 25. cxd3 Rxd3 26. h4 Rd5 27. Rb7 Rf8 28. Re4 c5 29. Rc7 Rfd8 30. a5 Rd1+ 31. Kh2 R8d4 32. f3 Rxe4 33. fxe4 Rc1 34. a6 Ra1 1/2-1/2

[Event "25th Abu Dhabi Master 2018"]
[Site "Abu Dhabi"]
[Date "2018.08.09"]
[Round "3"]
[White "Idani, Pouya"]
[Black "Kigigha, Bomo"]
[Result "1/2-1/2"]
[WhiteElo "2599"]
[BlackElo "2317"]
[Annotator "ChessBase"]
[PlyCount "133"]
[EventDate "2018.08.05"]
[EventType "swiss"]
[EventCountry "UAE"]
[SourceTitle "playchess.com"]
[Source "ChessBase"]
[SourceQuality "1"]

1. e4 e6 2. d4 d5 3. Nd2 c5 4. Ngf3 Nf6 5. exd5 Nxd5 6. dxc5 Bxc5 7. Ne4 Be7 8. Bc4 Nc6 9. O-O O-O 10. Qe2 Qc7 11. Rd1 Nb6 12. Bb5 a6 13. Bxc6 bxc6 14. Ng3 Bb7 15. Nh5 c5 16. Bf4 Qc6 17. Be5 f6 18. Bd6 Rae8 19. Bxe7 Rxe7 20. c4 Qe4 21. Qxe4 Bxe4 22. b3 a5 23. Rd6 Rb8 24. Re1 Bxf3 25. gxf3 Kf7 26. Ng3 a4 27. Red1 axb3 28. axb3 f5 29. R1d3 Reb7 30. Ne2 Nc8 31. Ra6 g5 32. Nc1 Nb6 33. Rd6 Ke7 34. Rc6 Rd8 35. Kg2 Rd1 36. Raxb6 Rxb6 37. Rxb6 Rxc1 38. Rb7+ Kf6 39. Rxh7 Rb1 40. Rc7 Rxb3 41. Rxc5 Rb1 42. Rc8 Rc1 43. c5 Ke5 44. Rc6 Kd5 45. Rc7 Ke5 46. Rg7 Kf6 47. Rc7 Ke5 48. Rc6 Kd5 49. Rc8 Ke5 50. Rg8 Kf6 51. Rf8+ Ke5 52. Rc8 Kf4 53. c6 Rc5 54. c7 e5 55. h3 Rc2 56. Kg1 Rc1+ 57. Kh2 Rc2 58. Kg2 Rc5 59. Ra8 Rxc7 60. Ra4+ e4 61. fxe4 fxe4 62. Ra8 Rf7 63. Ra3 Rb7 64. Ra4 Rb8 65. Ra7 Rf8 66. Re7 Rf6 67. Re8 1/2-1/2

[Event "25th Abu Dhabi Master 2018"]
[Site "Abu Dhabi"]
[Date "2018.08.09"]
[Round "3"]
[White "Pantsulaia, Levan"]
[Black "Cheparinov, Ivan"]
[Result "1/2-1/2"]
[WhiteElo "2587"]
[BlackElo "2718"]
[Annotator "TA"]
[PlyCount "115"]
[EventDate "2018.08.05"]
[EventType "swiss"]
[EventCountry "UAE"]
[SourceTitle "playchess.com"]
[Source "ChessBase"]
[SourceQuality "1"]

1. Nf3 d5 2. g3 g6 3. Bg2 Bg7 4. d4 Nf6 5. O-O O-O 6. c4 c6 7. cxd5 cxd5 8. Ne5 e6 9. Nc3 Nfd7 10. f4 Nc6 11. Be3 Nb6 12. Bf2 Ne7 13. Na4 f6 14. Nxb6 axb6 15. Nd3 Nf5 16. Qb3 Nd6 17. Rfc1 Bd7 18. a4 Rf7 19. Qd1 Bf8 20. b3 Ne4 21. Be1 Bd6 22. Bb4 Bc6 23. Bxd6 Qxd6 24. Qe1 Rc7 25. Qb4 Qxb4 26. Nxb4 Rac8 27. Rc2 Nd6 28. Kf2 Be8 29. Rac1 Rxc2 30. Rxc2 Rxc2 31. Nxc2 g5 32. fxg5 fxg5 33. Ne1 g4 34. Nd3 Bg6 35. Nf4 Kf7 36. Nxg6 Kxg6 37. Ke3 b5 38. a5 Nf5+ 39. Kd3 b4 40. e4 Ne7 41. h3 gxh3 42. Bxh3 dxe4+ 43. Kxe4 Kf6 44. Kd3 Nc6 45. Kc4 Nxa5+ 46. Kxb4 b6 47. Bg2 Ke7 48. Ka4 Kd6 49. b4 Nc6 50. Kb5 Nxd4+ 51. Kxb6 h5 52. b5 Ke5 53. Kc5 Nxb5 54. Kxb5 Kf5 55. Bh3+ Ke4 56. Bxe6 Kf3 57. Bf7 Kxg3 58. Bxh5 1/2-1/2

[Event "25th Abu Dhabi Master 2018"]
[Site "Abu Dhabi"]
[Date "2018.08.09"]
[Round "3"]
[White "Aravindh, Chithambaram VR"]
[Black "Fedoseev, Vladimir"]
[Result "1/2-1/2"]
[WhiteElo "2581"]
[BlackElo "2152"]
[Annotator "ChessBase"]
[PlyCount "103"]
[EventDate "2018.08.05"]
[EventType "swiss"]
[EventCountry "UAE"]
[SourceTitle "playchess.com"]
[Source "ChessBase"]
[SourceQuality "1"]

1. e4 c5 2. Nf3 d6 3. d4 cxd4 4. Qxd4 Nc6 5. Bb5 Bd7 6. Qd3 a6 7. Bxc6 Bxc6 8. c4 b5 9. Nc3 bxc4 10. Qxc4 Qc8 11. Nd4 Bd7 12. Qd3 e6 13. Bg5 Qc5 14. Be3 Qh5 15. f3 Qh4+ 16. g3 Qd8 17. O-O-O Nf6 18. Nc2 Bc6 19. Bg5 h6 20. Bxf6 Qxf6 21. f4 Be7 22. Qc4 Rc8 23. Qxa6 O-O 24. Kb1 Ba8 25. Rd4 Qg6 26. Re1 Bf6 27. e5 dxe5 28. fxe5 Be7 29. Qd3 Qh5 30. h4 Bc5 31. Rf4 Rfd8 32. Qe2 Qxe2 33. Rxe2 Bb7 34. b4 Be7 35. Kb2 Rd3 36. Ne4 Bd5 37. Ne1 Ra8 38. Nxd3 Rxa2+ 39. Kc1 Rxe2 40. Nc3 Re3 41. Nxd5 exd5 42. Rd4 Rxg3 43. b5 Rg6 44. h5 Rb6 45. Rxd5 g6 46. hxg6 Rxg6 47. Kd1 h5 48. e6 Rxe6 49. Rxh5 Bd8 50. Re5 Rd6 51. Ke2 Kg7 52. Nf4 1/2-1/2

[Event "25th Abu Dhabi Master 2018"]
[Site "Abu Dhabi"]
[Date "2018.08.09"]
[Round "3"]
[White "Istratescu, Andrei"]
[Black "Anand, Nadar"]
[Result "0-1"]
[WhiteElo "2573"]
[BlackElo "2377"]
[Annotator "TA"]
[PlyCount "50"]
[EventDate "2018.08.05"]
[EventType "swiss"]
[EventCountry "UAE"]
[SourceTitle "playchess.com"]
[Source "ChessBase"]
[SourceQuality "1"]

1. e4 e5 2. Nf3 Nc6 3. Bc4 Bc5 4. c3 Nf6 5. d3 O-O 6. O-O d5 7. exd5 Nxd5 8. Re1 Bg4 9. h3 Bh5 10. g4 Bg6 11. Nxe5 Nxe5 12. Rxe5 c6 13. Bxd5 Bd6 14. Re1 cxd5 15. Qf3 Bc7 16. Na3 Qd6 17. Nb5 Qh2+ 18. Kf1 Rae8 19. Rd1 f5 20. Qxd5+ Kh8 21. Qg2 Qe5 22. Nd4 fxg4 23. Kg1 Qe1+ 24. Qf1 Bh2+ 25. Kg2 Rxf2+ 0-1

[Event "25th Abu Dhabi Master 2018"]
[Site "Abu Dhabi"]
[Date "2018.08.09"]
[Round "3"]
[White "Fier, Alexandr"]
[Black "Omar, Noaman"]
[Result "1-0"]
[WhiteElo "2561"]
[BlackElo "2353"]
[Annotator "TA"]
[PlyCount "73"]
[EventDate "2018.08.05"]
[EventType "swiss"]
[EventCountry "UAE"]
[SourceTitle "playchess.com"]
[Source "ChessBase"]
[SourceQuality "1"]

1. e4 c6 2. d4 d5 3. e5 Bf5 4. h4 h6 5. g4 Bd7 6. Nc3 c5 7. dxc5 Nc6 8. Nxd5 Bxg4 9. Qxg4 Qxd5 10. e6 Nf6 11. exf7+ Qxf7 12. Qh3 e6 13. Be3 O-O-O 14. Bc4 Kb8 15. Ne2 Ne4 16. Bxe6 Qf6 17. Qf5 Bxc5 18. Qxe4 Bxe3 19. Qxe3 Rhe8 20. Qg3+ Ka8 21. Bg4 Nd4 22. Kf1 Nxc2 23. Rc1 Ne3+ 24. Kg1 Nxg4 25. Qxg4 Qxb2 26. Re1 Rd2 27. Kf1 a6 28. Rh3 Qxa2 29. Re3 Rxe3 30. Qc8+ Ka7 31. Qc5+ Ka8 32. Qxe3 Qd5 33. Kg1 Rd1 34. Ng3 Rxe1+ 35. Qxe1 Qd4 36. h5 a5 37. Qxa5+ 1-0

[Event "25th Abu Dhabi Master 2018"]
[Site "Abu Dhabi"]
[Date "2018.08.09"]
[Round "3"]
[White "Nihal Sarin"]
[Black "Amin, Bassem"]
[Result "0-1"]
[WhiteElo "2556"]
[BlackElo "2684"]
[Annotator "TA"]
[PlyCount "96"]
[EventDate "2018.08.05"]
[EventType "swiss"]
[EventCountry "UAE"]
[SourceTitle "playchess.com"]
[Source "ChessBase"]
[SourceQuality "1"]

1. Nf3 Nf6 2. c4 g6 3. Nc3 Bg7 4. e4 d6 5. d4 O-O 6. Be2 e5 7. O-O Nc6 8. d5 Ne7 9. b4 a5 10. Ba3 Re8 11. c5 axb4 12. Bxb4 dxc5 13. Bxc5 c6 14. dxc6 Nxc6 15. Qxd8 Rxd8 16. Bb6 Rf8 17. Bc5 Rd8 18. Bb6 Rf8 19. Bc5 Re8 20. Bb5 Bg4 21. Bxc6 bxc6 22. a4 Nd7 23. Bd6 Bxf3 24. gxf3 Bf8 25. Rfd1 Nc5 26. Bxc5 Bxc5 27. Ra2 Ra5 28. Rc1 Bd4 29. Ne2 c5 30. Rc4 Rb8 31. Kg2 g5 32. Nc1 Kf8 33. Rac2 Ke7 34. Ne2 Kd6 35. Ng3 Kd7 36. Nf5 Rb4 37. Nxd4 Rxc4 38. Rxc4 exd4 39. f4 gxf4 40. Kf3 Kc6 41. Kxf4 Ra7 42. Kf3 Rb7 43. Ke2 Rb2+ 44. Ke1 h5 45. h4 Kb6 46. f4 Rh2 47. e5 Rxh4 48. Ke2 Rxf4 0-1

[Event "25th Abu Dhabi Master 2018"]
[Site "Abu Dhabi"]
[Date "2018.08.09"]
[Round "3"]
[White "Debashis, Das"]
[Black "Saravana, Krishnan P"]
[Result "1-0"]
[WhiteElo "2539"]
[BlackElo "2348"]
[Annotator "TA"]
[PlyCount "133"]
[EventDate "2018.08.05"]
[EventType "swiss"]
[EventCountry "UAE"]
[SourceTitle "playchess.com"]
[Source "ChessBase"]
[SourceQuality "1"]

1. Nf3 Nf6 2. g3 b5 3. Bg2 Bb7 4. O-O e6 5. d3 Be7 6. e4 d6 7. Nd4 a6 8. Nb3 e5 9. Na5 Bc8 10. a4 b4 11. d4 Bg4 12. f3 Bd7 13. dxe5 dxe5 14. Be3 O-O 15. Nd2 c5 16. Nac4 Nc6 17. Qe2 Qc7 18. c3 Rab8 19. Rfc1 Be6 20. Bf1 h6 21. Bf2 Rfd8 22. h4 Rd7 23. Qe1 Qd8 24. Rd1 Ne8 25. Ne3 Nc7 26. Ndc4 Bf8 27. Rxd7 Qxd7 28. Rd1 Qc8 29. Nd5 Ne8 30. Qe2 bxc3 31. bxc3 Qb7 32. Ncb6 Bxd5 33. Nxd5 Qb3 34. Ra1 a5 35. Qa2 Qxa2 36. Rxa2 Ne7 37. Nxe7+ Bxe7 38. Rd2 Rc8 39. Rb2 Nd6 40. Rb6 f5 41. exf5 e4 42. Ba6 Rc7 43. fxe4 c4 44. e5 Nxf5 45. Rb7 Rxb7 46. Bxb7 Ba3 47. Bd5+ Kf8 48. Bxc4 Bb2 49. g4 Ne7 50. Bd4 Nc6 51. Bc5+ Ne7 52. Kf2 Bxc3 53. e6 Bf6 54. h5 Ke8 55. Ke3 g6 56. hxg6 Nxg6 57. Ke4 Ne7 58. Bb6 Bc3 59. Be3 Ng8 60. Bb5+ Kd8 61. Bc5 Nf6+ 62. Kf5 Nd5 63. Kg6 Bd2 64. Kf7 Bg5 65. Bc6 Be7 66. Bxe7+ Nxe7 67. Bb7 1-0